Naturally occurring acetylenes (Record no. 51996)

MARC details
000 -LEADER
fixed length control field 00748nam a2200229 a 4500
008 - FIXED-LENGTH DATA ELEMENTS--GENERAL INFORMATION
fixed length control field 120416s1973 ||||||||||||||||| || u
020 ## - INTERNATIONAL STANDARD BOOK NUMBER
International Standard Book Number 0121111504
050 ## - LIBRARY OF CONGRESS CALL NUMBER
Classification number QK 898.A16 Boh
100 ## - MAIN ENTRY--PERSONAL NAME
Personal name Zdero, C
245 10 - TITLE STATEMENT
Title Naturally occurring acetylenes
260 ## - PUBLICATION, DISTRIBUTION, ETC.
Place of publication, distribution, etc. London
Name of publisher, distributor, etc. Academic Press
Date of publication, distribution, etc. 1973
300 ## - PHYSICAL DESCRIPTION
Extent ix, 547p. : ill.
350 ## - PRICE (NR) (BK AM CF MU VM SE) [OBSOLETE]
Price 0.00
500 ## - GENERAL NOTE
General note Includes bibliographical references.
650 ## - SUBJECT ADDED ENTRY--TOPICAL TERM
Topical term or geographic name entry element Plants-- Classification
650 #0 - SUBJECT ADDED ENTRY--TOPICAL TERM
Topical term or geographic name entry element BOTANICAL CHEMISTRY
650 ## - SUBJECT ADDED ENTRY--TOPICAL TERM
Topical term or geographic name entry element PLANTS
650 ## - SUBJECT ADDED ENTRY--TOPICAL TERM
Topical term or geographic name entry element ACETYLENE COMPOUNDS
700 ## - ADDED ENTRY--PERSONAL NAME
Personal name Burkhardt, T
700 ## - ADDED ENTRY--PERSONAL NAME
Personal name Bohlmann, F
995 ## - RECOMMENDATION 995 [LOCAL, UNIMARC FRANCE]
-- 0.00
-- CBU-MAIN LIBRARY (Kitwe)
-- 1
-- 13.00
-- 1
-- AVAILABLE
-- Annex Low-Usage Collection
Holdings
Withdrawn status Lost status Source of classification or shelving scheme Damaged status Not for loan Home library Current library Shelving location Date acquired Total Checkouts Full call number Barcode Date last seen Price effective from Koha item type
          CBU-MAIN LIBRARY, KITWE. CBU-MAIN LIBRARY, KITWE.   11/30/2022   QK 898.A16 Boh 014685 11/30/2022 11/30/2022 MONOGRAPH